000 00348cam a2200157ua 4500
001 5499
008 060101n II |||gr||||Z||||||asm
040 _aMAIN
041 _aEnglish
082 _a330 AAL
100 _aAALAM, KHURSED.
245 _aSNATAK MOHOLAR ARTHATATTWA
260 _a[s.l:
_bs.n.]
_c1992.
300 _a108:
_c20CM.
942 _cBK
999 _c5484
_d5484